000 00559nam a2200193Ia 4500
005 20250508153250.0
008 008 250505s9999 xx 000 0 eng d
037 _aTextual
040 _aFEDL
_beng
_cFEDL
041 _aeng
_2eng
084 _a371.42, PET
_qFEDL
100 _aPeters Herman J
245 0 _aGuidance: Program development and management
260 _aColumbus, USA
_bCharles E. Merrill Books
_c1963
300 _axiv,592p.
700 _a Shertzer Bruce
_9763571
942 _cTEXL
_h371.42, PET
999 _c1341622
_d1341622